000
00312nam a2200121 a 4500
005
20140414132053.0
008
110715s19uu xx 00 eng d
050
_a
ER
_b
Fi438 1996
100
_a
Stamper, Judith Bauer
245
_a
Five Goofy Ghosts.
260
_a
New York :
_b
Scholastic,
_c
1996.
999
_c
114235
_d
114235